[Event "St Petersburg Korchnoi Memorial op"]
[Site "St Petersburg"]
[Date "2023.08.21"]
[Round "6"]
[White "Komissarova, Soigina"]
[Black "Naumov, Artem"]
[Result "1-0"]
[WhiteElo "1770"]
[BlackElo "1581"]
[PlyCount "113"]
[EventDate "2023.08.18"]
[EventType "swiss"]
[EventRounds "9"]
[EventCountry "RUS"]
[SourceTitle "CBM 216 Extra"]
[Source "ChessBase"]
[SourceDate "2023.11.30"]
[SourceVersion "1"]
[SourceVersionDate "2023.11.30"]
[SourceQuality "1"]

1. e4 c5 2. Nf3 e6 3. d4 cxd4 4. Nxd4 Nf6 5. Nc3 Nc6 6. Ndb5 Bb4 7. a3 Bxc3+ 8. Nxc3 d5 9. exd5 Nxd5 10. Nxd5 exd5 11. Bd3 Qe7+ 12. Qe2 Qxe2+ 13. Kxe2 0-0 14. f3 Ne5 15. c3 Nxd3 16. Kxd3 Bf5+ 17. Kd4 Rfe8 18. g4 Bc2 19. Bf4 Bb3 20. Rhe1 f6 21. Be3 Kf7 22. a4 Rac8 23. Kd3 b6 24. Ra3 Bc4+ 25. Kd2 Rc7 26. b3 Ba6 27. a5 b5 28. Raa1 Bc8 29. Kd3 a6 30. Bf4 Rce7 31. Rxe7+ Rxe7 32. Kd4 Bb7 33. Rd1 Re6 34. Rd3 Ke7 35. Re3 Rxe3 36. Bxe3 Kd6 37. h4 Bc8 38. Bc1 g6 39. Ba3+ Kc6 40. Be7 f5 41. g5 Kd7 42. Bf8 Ke6 43. f4 Bd7 44. b4 Kf7 45. Bd6 Ke6 46. Kc5 Bc8 47. Kc6 Bd7+ 48. Kc7 Be8 49. Bc5 Bd7 50. Kb7 d4 51. cxd4 Kd5 52. Kxa6 Kc6 53. Ka7 Kc7 54. d5 Bc8 55. a6 h5 56. gxh6 g5 57. h7 1-0